ბათუმის შოთა რუსთაველის სახელმწიფო უნივერსიტეტის ბიბლიოთეკა

მშვიდობის ხიდი (ბიბ.ჩანაწერი № 48638)

000 -LEADER
fixed length control field 00830nam a2200217Ia 4500
001 - CONTROL NUMBER
control field 15538
003 - CONTROL NUMBER IDENTIFIER
control field GE_BSU
008 - FIXED-LENGTH DATA ELEMENTS--GENERAL INFORMATION
fixed length control field 181216s||||||||xx |||||||||||||| ||und||
040 ## - CATALOGING SOURCE
Transcribing agency GE_BSU
080 ## - UNIVERSAL DECIMAL CLASSIFICATION NUMBER
Universal Decimal Classification number 821.19-1
100 ## - MAIN ENTRY--PERSONAL NAME
Personal name ბახჩინიანი, ფელიქს
245 ## - TITLE STATEMENT
Title მშვიდობის ხიდი
245 ## - TITLE STATEMENT
Remainder of title ლექსები
245 ## - TITLE STATEMENT
Statement of responsibility, etc. სომხ. თარგმნა გივი ლუარსაბიშვილმა ; რედ.: შოთა ნიშნიანიძე ; ფოტო სეირან ბაროიანი, იური მეჩითოვი
260 ## - PUBLICATION, DISTRIBUTION, ETC.
Place of publication, distribution, etc. თბილისი
260 ## - PUBLICATION, DISTRIBUTION, ETC.
Date of publication, distribution, etc. 1996
300 ## - PHYSICAL DESCRIPTION
Extent 72გვ. ; 20სმ.
653 ## - INDEX TERM--UNCONTROLLED
Uncontrolled term ლექსები
653 ## - INDEX TERM--UNCONTROLLED
Uncontrolled term მშვიდობის ხიდი
942 ## - ADDED ENTRY ELEMENTS (KOHA)
Koha item type წიგნი
ეგზემპლარები
Withdrawn status Lost status Damaged status Not for loan Date acquired Barcode Date last seen Price effective from Koha item type
        2018-12-17 21132 2018-12-17 2018-12-17 წიგნი